000 00744nam a2200265Ia 4500
005 20260302113834.0
008 008 260114s9999 xx 000 0 eng d
020 _a9781805016212
037 _aTextbook
040 _aCRL
040 _beng
040 _cCRL
041 _2eng
041 _aeng
084 _qCRL
100 _aDiana McQueen, author; Jo Williams, author
_91116954
245 0 _aSupporting the Development of Speech, Language and Communication in the Early Years
260 _bBloomsbury
260 _bJessica Kingsley Publishers
260 _c2022
650 _aPsychology
856 _uhttps://doi.org/10.5040/9781805016212?locatt=label:secondary_jkplibrary
942 _cEBOOK
999 _c1680421
_d1680421